| 000 | 00419nam a2200133Ia 4500 | ||
|---|---|---|---|
| 008 | 211109s9999||||xx |||||||||||||| ||und|| | ||
| 082 |
_a954.0954 _bKUR-A |
||
| 100 | _aKurup, K K N | ||
| 245 | 0 | _aAdhunika Keralam:Charitra Gaveshana Prabandhangal | |
| 260 |
_bSTATE INSTITUTE OF LANGUAGE _aThiruvananthapuram _c1982 |
||
| 630 | _xGeneral stack | ||
| 650 |
_aIndia/Kerala _vHistory _xResearchThesisMalayalam |
||
| 942 | _cBOOK | ||
| 999 |
_c55696 _d55696 |
||